Score 0/13 Timer 02:00
1 Play Today
Hint Answer % Correct
SIKSKiss
98.7%
WIIKKiwi
97.3%
OMONMoon
96.8%
NEIWWine
92.1%
AAABNNBanana
92.1%
RMALA CLCKOAlarm Clock
82.9%
NBODLBlond
78.5%
IDSELFFields
46.8%
RKAMTRHIBBirthmark
29.8%
Word in common with all of the above:STRAWBERRY
24.5%
ANGERDGarden
11.7%
ACTKOSHERShortcake
8%
INNATEOGREGeneration
3.4%
Remove Ads.
Support Sporcle.
Get the best of Sporcle when you Go Orange. This ad-free experience offers more features, more stats, and more fun while also helping to support Sporcle. Thank you for becoming a member.

You're not logged in!

Compare scores with friends on all Sporcle quizzes.
OR
Log In

Show Comments

Extras

Top Quizzes Today


Score Distribution

Your Account Isn't Verified!

In order to create a playlist on Sporcle, you need to verify the email address you used during registration. Go to your Sporcle Settings to finish the process.

Report this User

Report this user for behavior that violates our Community Guidelines.

Details: